[Event "Chioggia op-B 07th"]
[Site "Chioggia"]
[Date "2012.10.14"]
[Round "5"]
[White "Perissotto, Mario"]
[Black "Gebbin, Andrea"]
[Result "1-0"]
[WhiteElo "1738"]
[BlackElo "1407"]
[PlyCount "45"]
[EventDate "2012.10.12"]
[EventType "swiss"]
[EventRounds "5"]
[EventCountry "ITA"]
[SourceTitle "EXT 2022"]
[Source "ChessBase"]
[SourceDate "2021.10.06"]
[SourceVersion "1"]
[SourceVersionDate "2021.10.06"]
[SourceQuality "1"]

1. e4 e6 2. d4 d5 3. Nd2 c5 4. c3 cxd4 5. cxd4 dxe4 6. Nxe4 Be7 7. Nf3 Nf6 8. Bd3 b6 9. Nxf6+ Bxf6 10. Be4 Qc7 11. Bxa8 Bb7 12. Bxb7 Qxb7 13. 0-0 0-0 14. Be3 Rd8 15. Qb3 Nc6 16. Rfd1 Qa6 17. Rac1 Na5 18. Qd3 b5 19. a4 Rb8 20. Bf4 Rb6 21. Ne5 Qb7 22. axb5 Rxb5 23. Qxb5 1-0

[Event "Chioggia op-B 07th"]
[Site "Chioggia"]
[Date "2012.10.12"]
[Round "1"]
[White "Lantschner, Alexander"]
[Black "Gebbin, Andrea"]
[Result "1/2-1/2"]
[WhiteElo "1683"]
[BlackElo "1407"]
[PlyCount "83"]
[EventDate "2012.10.12"]
[EventType "swiss"]
[EventRounds "5"]
[EventCountry "ITA"]
[SourceTitle "EXT 2022"]
[Source "ChessBase"]
[SourceDate "2021.10.06"]
[SourceVersion "1"]
[SourceVersionDate "2021.10.06"]
[SourceQuality "1"]

1. e4 e6 2. Nc3 Bb4 3. Nge2 Nc6 4. a3 Be7 5. d3 Nf6 6. Bg5 d5 7. Bxf6 Bxf6 8. d4 dxe4 9. Nxe4 Bxd4 10. c3 Bf6 11. g3 Qxd1+ 12. Rxd1 Be7 13. Bg2 0-0 14. 0-0 b6 15. Nd4 Nxd4 16. cxd4 Ba6 17. Rfe1 Rad8 18. Rd2 Bb7 19. Nc3 Bxg2 20. Kxg2 c6 21. Red1 Rd7 22. Rd3 Rfd8 23. b4 a6 24. Na4 b5 25. Nc5 Bxc5 26. bxc5 e5 27. Re1 Rxd4 28. Rde3 f6 29. f4 exf4 30. gxf4 Rxf4 31. Re7 Ra4 32. Rc7 Kf8 33. Ree7 Rg4+ 34. Kf3 Rg6 35. h4 h5 36. Kf4 Rg4+ 37. Kf3 Rd3+ 38. Kf2 Rxa3 39. Red7 Ke8 40. Rf7 Ra2+ 41. Kf3 b4 42. Rfe7+ 1/2-1/2